000 00913nas a2200313 4500
001 BR2014002942
003 BR-BrBNA
005 20231205124021.0
007 ta
008 230509b bl.|||p| |||| 00| 00por d
040 _aBR-BrBNA
_bpor
_cBiblioteca Nacional de Agricultura
041 _a(Pt)
072 _aL73
100 1 _aSilva, F.B. da
100 1 _aOriá, A.P.
100 1 _aMoreira, E.L.T.
100 1 _aVieira Filho, C.H. da C.
100 1 _aMelo S.M.B.
100 1 _aLarangeira, D.F.
245 1 _aCarcinoma broquíolo-alveolar em um felino - relato de caso
650 _aGATO
650 _aCARCINOMA
650 _aPULMÃO
650 _aDIAGNÓSTICO
650 _aRADIOGRAFIA
773 0 _tRevista Brasileira de Medicina Veterinária (Brazil)
_xISSN 0100-2430
_g(Apr-Jun 2013), v. 35(2) p. 193-196
_wBR2014002942
909 _a202311
_bLúcia
_c55
_dLúcia Elande
942 _2AGRIS
_n0
_cANA
999 _c236919
_d236919